Effect of electrolytes and process parameters on the electropolymerization of pyrrole onto carbon fibers (Record no. 57812)

MARC details
000 -LEADER
fixed length control field 00471nam a2200157Ia 4500
100 ## - MAIN ENTRY--AUTHOR NAME
Personal name Wood G A
245 #0 - TITLE STATEMENT
Title Effect of electrolytes and process parameters on the electropolymerization of pyrrole onto carbon fibers
260 ## - PUBLICATION, DISTRIBUTION, ETC. (IMPRINT)
Name of publisher Journal of Applied Polymer Science
Year of publication 1996
300 ## - PHYSICAL DESCRIPTION
Number of Pages 519-528
650 ## - SUBJECT ADDED ENTRY--TOPICAL TERM
Topical Term Carbon fibers
650 ## - SUBJECT ADDED ENTRY--TOPICAL TERM
Topical Term Electropolymerization
650 ## - SUBJECT ADDED ENTRY--TOPICAL TERM
Topical Term Pyrrole
700 ## - ADDED ENTRY--PERSONAL NAME
Personal name Iroh J O
942 ## - ADDED ENTRY ELEMENTS (KOHA)
Koha item type Journals
Holdings
Withdrawn status Lost status Damaged status Not for loan Home library Current library Shelving location Date acquired Serial Enumeration / chronology Koha item type
      Journals RRII Library RRII Library Rubber chemistry 17/12/2021 Volume 61, Issue 3 Journals